| 000 | 00416nam a2200169Ia 4500 | ||
|---|---|---|---|
| 005 | 20140404084210.0 | ||
| 008 | 140130s9999 xx 000 0 und d | ||
| 050 |
_aPZ 7 _b.P63123Ad 1997 |
||
| 245 |
_cDav Pilkey _aCaptain underpants- Adventures.. |
||
| 260 |
_bScholastic, _c1997 |
||
| 300 |
_a117 p. : _bill. ; _c22 cm. |
||
| 440 | _v1 | ||
| 521 | _aG5 | ||
| 526 | _c720 | ||
| 942 |
_cBK _2lcc |
||
| 999 |
_c41044 _d41044 |
||